Normal view
MARC view
- Knot theory
Entry Topical Term
001 - CONTROL NUMBER
- control field: 34426
003 - CONTROL NUMBER IDENTIFIER
- control field: NUST
005 - DATE AND TIME OF LATEST TRANSACTION
- control field: 20201023101540.0
008 - FIXED-LENGTH DATA ELEMENTS
- fixed length control field: 201023|| aca||aabn | a|a d
040 ## - CATALOGING SOURCE
- Original cataloging agency: NUST
- Transcribing agency: NUST
150 ## - HEADING--TOPICAL TERM
- Topical term or geographic name entry element: Knot theory
670 ## - SOURCE DATA FOUND
- Source citation: Work cat.: (NUST)0: Murasugi, Kunio, 1929- 34425, Knot theory and its applications /, 1996.
